| 000 | 00391nam a2200145 i 4500 | ||
|---|---|---|---|
| 001 | 88489 | ||
| 003 | ES-MaACL | ||
| 007 | t| | ||
| 008 | 050104s1910 fr ||||1| fre d | ||
| 100 | 1 |
_aLalo, Charles. _969735 |
|
| 245 | 1 | 4 |
_aLes sentiments esthetiques / _cpar Charles Lalo. |
| 260 |
_aParís : _bAlcan, _c1910 ( _fImp. Réunies) |
||
| 300 |
_a278 p. ; _c22 cm. |
||
| 852 |
_aES-MaACL _jB-6815 |
||
| 999 |
_c88489 _d88489 |
||